Pays par Emojis #B - Statistiques

Statistiques générales
  • Ce quiz a été pris 84 fois
  • Le résultat moyen est 4 sur 18
Statistiques - réponses
Emojis Pays % Correct
🍟🍫🍺 Belgique
81%
🌴⚽🎉 Brésil
71%
🐉🏔️🕉️ Bhoutan
46%
🌲🚜🪆 Biélorussie
44%
🦓🏜️💎 Botswana
38%
🏝️🎶🏄 Barbade
22%
🏖️🐠🌞 Bahamas
19%
🛢️🏙️🌅 Bahreïn
17%
🏰🌻🎻 Bulgarie
17%
🐘🌴🕌 Birmanie
16%
🕌💰🌴 Brunei
16%
🐘🌾🎶 Burkina-Faso
14%
🎭🪘🏞️ Bénin
11%
🌿🦜🏝️ Belize
10%
🏞️🎢⛰️ Bolivie
10%
🌋🏞️🥁 Burundi
8%
🕌🏞️🌉 Bosnie-Herzégovine
3%
🌾🚲🌧️ Bangladesh
2%
Aucun quiz correspondant
Distribution des résultats
% des personnes avec chaque résultat
Percentile par nombre de réponses
Votre historique - résultats
Vous n’avez pas pris ce quiz